000 00313nam a22001337a 4500
003 SGT
020 _a9780367199265
082 _a759.06
_bDIN
100 _aDINUR ERAN
245 _aTHE COMPLETE GUIDE TO PHOTOREALISM FOR VISUAL EFFECTS
260 _aUK
_bROUTLEDGE PUB
_c2022
300 _a221
942 _2ddc
_cBK
999 _c34678
_d34678